000 00668nam a2200277Ia 4500
005 20260324143456.0
008 008 260324s9999 xx 000 0 eng d
020 _a9780429312717
037 _aEBOOK
040 _aCRL
040 _beng
040 _cCRL
041 _2eng
041 _aeng
084 _qCRL
100 _aZeev Eytan; Joseph Alpher; Dov Tamari
_91215767
245 4 _aThe Middle East Military Balance 1989-1990
260 _bTaylor and Francis
260 _c1991
365 _a
365 _b220
856 _uhttp://www.taylorfrancis.com/books/9780429312717
942 _cEBOOK
999 _c1821216
_d1821216